[Event "Ho Chi Minh City HD Bank op 2nd"]
[Site "Ho Chi Minh City"]
[Date "2012.03.06"]
[Round "8"]
[White "Nguyen, Hoang Anh"]
[Black "Aplin, Christer"]
[Result "1-0"]
[WhiteElo "1924"]
[BlackElo "2055"]
[PlyCount "95"]
[EventDate "2012.03.02"]
[EventType "swiss"]
[EventRounds "9"]
[EventCountry "VIE"]
[SourceTitle "CBM 147 Extra"]
[Source "ChessBase"]
[SourceDate "2012.04.24"]
[SourceVersion "1"]
[SourceVersionDate "2012.04.24"]
[SourceQuality "1"]

1. d4 Nf6 2. g3 g6 3. Bg2 d5 4. Nf3 Bg7 5. 0-0 c6 6. b3 Nbd7 7. Bb2 0-0 8. c4 Ne4 9. Nc3 Ndf6 10. Re1 Qb6 11. Ne5 Bf5 12. f3 Nxc3 13. Bxc3 Rfd8 14. Kh1 h5 15. Qd2 Qc7 16. Qf4 Rac8 17. e4 Bd7 18. Bb4 Re8 19. exd5 cxd5 20. cxd5 Bf5 21. Rac1 Qb8 22. d6 Nd5 23. Qd2 Nxb4 24. Qxb4 Rxc1 25. Rxc1 exd6 26. Nc4 d5 27. Na5 Re2 28. a4 h4 29. Qb5 Rd2 30. Re1 h3 31. Bf1 Qd6 32. Nxb7 Qc7 33. Qe8+ Bf8 34. Nd8 Rxd4 35. Bb5 Rd2 36. Nc6 Kg7 37. Qe3 Ra2 38. Qd4+ Kh7 39. Qh4+ Kg7 40. Qd4+ Kh7 41. Qh4+ Bh6 42. Qd4 a6 43. Re7 Qxe7 44. Nxe7 axb5 45. Nxf5 gxf5 46. Kg1 Rg2+ 47. Kf1 bxa4 48. bxa4 1-0

[Event "Ho Chi Minh City HD Bank op 2nd"]
[Site "Ho Chi Minh City"]
[Date "2012.03.03"]
[Round "3"]
[White "Aplin, Christer"]
[Black "Wolfaardt, Francois"]
[Result "1/2-1/2"]
[WhiteElo "2055"]
[BlackElo "1783"]
[PlyCount "60"]
[EventDate "2012.03.02"]
[EventType "swiss"]
[EventRounds "9"]
[EventCountry "VIE"]
[SourceTitle "CBM 147 Extra"]
[Source "ChessBase"]
[SourceDate "2012.04.24"]
[SourceVersion "1"]
[SourceVersionDate "2012.04.24"]
[SourceQuality "1"]

1. e4 e5 2. Nf3 Nc6 3. Nc3 Nf6 4. Bb5 d6 5. d4 exd4 6. Nxd4 Bd7 7. Bxc6 bxc6 8. 0-0 Be7 9. f4 0-0 10. b3 Re8 11. Bb2 Bf8 12. Qd3 c5 13. Nf3 Nxe4 14. Nxe4 Bf5 15. Rae1 d5 16. Nf6+ Qxf6 17. Qxd5 Qxb2 18. Qxf5 g6 19. Qd7 Rxe1 20. Rxe1 Bd6 21. f5 Qxc2 22. f6 Qc3 23. Re8+ Rxe8 24. Qxe8+ Bf8 25. Qe5 Qc1+ 26. Kf2 Qc2+ 27. Qe2 Qf5 28. Qe5 Qc2+ 29. Qe2 Qf5 30. Qe5 Qc2+ 1/2-1/2

[Event "Ho Chi Minh City HD Bank op 2nd"]
[Site "Ho Chi Minh City"]
[Date "2012.03.02"]
[Round "1"]
[White "Aplin, Christer"]
[Black "Garcia, Jan Emmanuel"]
[Result "1/2-1/2"]
[WhiteElo "2055"]
[BlackElo "2405"]
[PlyCount "71"]
[EventDate "2012.03.02"]
[EventType "swiss"]
[EventRounds "9"]
[EventCountry "VIE"]
[SourceTitle "CBM 147 Extra"]
[Source "ChessBase"]
[SourceDate "2012.04.24"]
[SourceVersion "1"]
[SourceVersionDate "2012.04.24"]
[SourceQuality "1"]

1. e4 d6 2. d4 Nf6 3. Nc3 g6 4. Be3 c6 5. f3 b5 6. Qd2 Nbd7 7. g4 Nb6 8. b3 Qc7 9. Bh6 e5 10. Nge2 Bb7 11. Bxf8 Rxf8 12. dxe5 dxe5 13. 0-0-0 Ke7 14. Bh3 a5 15. Qe3 Nfd7 16. Qg5+ Ke8 17. Rd2 b4 18. Na4 Nxa4 19. bxa4 f6 20. Qh6 Nc5 21. Rhd1 Ba6 22. g5 Bxe2 23. Rxe2 Rd8 24. Rxd8+ Qxd8 25. Qxh7 Qd4 26. Qxg6+ Rf7 27. Qg8+ Ke7 28. gxf6+ Kxf6 29. Qh8+ Ke7 30. Qh4+ Rf6 31. Qh7+ Rf7 32. Qh4+ Rf6 33. Qh7+ Ke8 34. Qh8+ Rf8 35. Qh5+ Rf7 36. Qh8+ 1/2-1/2

[Event "ASEAN-ch9 U16"]
[Site "Da Nang"]
[Date "2008.06.14"]
[Round "9"]
[White "Yothinnorratham, Tepparit"]
[Black "Aplin, Christer"]
[Result "0-1"]
[WhiteElo "1821"]
[BlackElo "2034"]
[PlyCount "70"]
[EventDate "2008.06.10"]
[EventType "swiss"]
[EventRounds "9"]
[EventCountry "VIE"]
[SourceTitle "CBM 125 Extra"]
[Source "ChessBase"]
[SourceDate "2008.09.01"]
[SourceVersion "1"]
[SourceVersionDate "2008.09.01"]
[SourceQuality "1"]

1. d4 d5 2. Nf3 Nf6 3. c4 g6 4. cxd5 Nxd5 5. e4 Nb6 6. Be3 Bg7 7. Nc3 0-0 8. Be2 c6 9. Rc1 N8d7 10. 0-0 Nf6 11. h3 Be6 12. b3 h6 13. Qd2 Kh7 14. Ne5 Nfd7 15. Nd3 f5 16. Nf4 Bf7 17. exf5 gxf5 18. Bd3 e6 19. g4 Qf6 20. Qc2 Bg6 21. Nxg6 Qxg6 22. Kh1 Kh8 23. Rg1 Qf7 24. gxf5 exf5 25. f3 Rae8 26. Qf2 Qh5 27. Kh2 Nf6 28. Ne2 Ng4+ 29. fxg4 fxg4 30. Qg3 Rf3 31. Rc5 Qxh3+ 32. Qxh3 Rxh3+ 33. Kg2 Rexe3 34. Nf4 Rhg3+ 35. Kh2 Rxg1 0-1

[Event "ASEAN-ch9 U16"]
[Site "Da Nang"]
[Date "2008.06.12"]
[Round "5"]
[White "Tan, Weiliang"]
[Black "Aplin, Christer"]
[Result "1-0"]
[WhiteElo "2015"]
[BlackElo "2034"]
[PlyCount "73"]
[EventDate "2008.06.10"]
[EventType "swiss"]
[EventRounds "9"]
[EventCountry "VIE"]
[SourceTitle "CBM 125 Extra"]
[Source "ChessBase"]
[SourceDate "2008.09.01"]
[SourceVersion "1"]
[SourceVersionDate "2008.09.01"]
[SourceQuality "1"]

1. e4 e5 2. Nf3 Nc6 3. d4 exd4 4. Nxd4 Nf6 5. Nxc6 bxc6 6. e5 Qe7 7. Qe2 Nd5 8. c4 Qb4+ 9. Nd2 Nf4 10. Qe4 Ne6 11. g3 g6 12. a3 Qc5 13. b4 Qd4 14. Rb1 Bb7 15. Bg2 Bg7 16. Bb2 Qxe4+ 17. Nxe4 c5 18. 0-0 0-0 19. Rfd1 Rfd8 20. Nxc5 Nxc5 21. bxc5 Bxg2 22. Kxg2 Bf8 23. Bd4 Rab8 24. Be3 Rxb1 25. Rxb1 d6 26. Rd1 f6 27. cxd6 cxd6 28. exd6 Rxd6 29. Rxd6 Bxd6 30. c5 Bc7 31. Bf4 Bxf4 32. gxf4 Kf7 33. Kf3 Ke6 34. Ke4 Ke7 35. f5 g5 36. Kd5 Kd7 37. c6+ 1-0

[Event "ASEAN-ch9 U16"]
[Site "Da Nang"]
[Date "2008.06.11"]
[Round "3"]
[White "Chua, Zheng Yuan Terry"]
[Black "Aplin, Christer"]
[Result "0-1"]
[WhiteElo "2104"]
[BlackElo "2034"]
[PlyCount "40"]
[EventDate "2008.06.10"]
[EventType "swiss"]
[EventRounds "9"]
[EventCountry "VIE"]
[SourceTitle "CBM 125 Extra"]
[Source "ChessBase"]
[SourceDate "2008.09.01"]
[SourceVersion "1"]
[SourceVersionDate "2008.09.01"]
[SourceQuality "1"]

1. e4 c6 2. d4 d5 3. Nd2 dxe4 4. Nxe4 Nd7 5. Nf3 Ngf6 6. Ng3 e6 7. Bd3 c5 8. 0-0 Qc7 9. Re1 Be7 10. c3 b6 11. Qe2 0-0 12. Ng5 Bb7 13. Nxe6 fxe6 14. Qxe6+ Kh8 15. Nf5 Ng4 16. g3 Bf6 17. Bb5 Nde5 18. dxe5 Nxe5 19. Be2 Rae8 20. Qd6 Qc8 0-1

[Event "Wch U14"]
[Site "Kemer"]
[Date "2007.11.25"]
[Round "8"]
[White "Catalkilic, Ozgur"]
[Black "Aplin, Christer"]
[Result "0-1"]
[WhiteElo "1960"]
[BlackElo "2032"]
[PlyCount "114"]
[EventDate "2007.11.18"]
[EventType "swiss"]
[EventRounds "11"]
[EventCountry "TUR"]
[SourceTitle "CBM 121 Extra"]
[Source "ChessBase"]
[SourceDate "2008.01.10"]
[SourceVersion "1"]
[SourceVersionDate "2008.01.10"]
[SourceQuality "1"]

1. e4 d5 2. exd5 Qxd5 3. Nc3 Qd6 4. d4 Nf6 5. Bc4 a6 6. Nge2 Bf5 7. Bb3 Nc6 8. Bf4 Qd7 9. Qd2 Na5 10. 0-0 e6 11. Rfe1 Be7 12. Ng3 Bg6 13. d5 Nxb3 14. cxb3 Rd8 15. Rad1 Nxd5 16. Nxd5 Qxd5 17. Qxd5 Rxd5 18. Rxd5 exd5 19. Bxc7 Kd7 20. Be5 f6 21. Bc3 Rc8 22. Ne2 Bc5 23. Rd1 Kd6 24. Nf4 Bf7 25. Kf1 b5 26. Nd3 Bb6 27. Nf4 a5 28. b4 a4 29. a3 Rc4 30. Ne2 Bh5 31. f3 Be8 32. Nd4 Bd7 33. Rd2 h5 34. g3 g5 35. Kg2 f5 36. f4 gxf4 37. gxf4 Rc8 38. Kf3 Re8 39. Re2 Re4 40. Rxe4 dxe4+ 41. Ke2 Kd5 42. Nc2 Bg1 43. h3 Bb6 44. Ne3+ Ke6 45. Be5 Bd8 46. Ng2 Be8 47. Ne3 h4 48. Nc2 Bh5+ 49. Kd2 Bg4 50. hxg4 h3 51. Nd4+ Kd7 52. Nxf5 Bh4 53. Nxh4 h2 54. Nf5 h1Q 55. g5 Qg2+ 56. Kc1 Qf3 57. Nd4 Qd3 0-1

[Event "Wch U14"]
[Site "Kemer"]
[Date "2007.11.22"]
[Round "6"]
[White "Iljiushenok, Ilia"]
[Black "Aplin, Christer"]
[Result "1-0"]
[WhiteElo "2157"]
[BlackElo "2032"]
[PlyCount "73"]
[EventDate "2007.11.18"]
[EventType "swiss"]
[EventRounds "11"]
[EventCountry "TUR"]
[SourceTitle "CBM 121 Extra"]
[Source "ChessBase"]
[SourceDate "2008.01.10"]
[SourceVersion "1"]
[SourceVersionDate "2008.01.10"]
[SourceQuality "1"]

1. e4 d5 2. exd5 Qxd5 3. Nc3 Qd6 4. d4 Nf6 5. Nf3 a6 6. g3 Bg4 7. h3 Bh5 8. Bg2 Nc6 9. Bf4 Qe6+ 10. Be3 Qc4 11. g4 Bg6 12. Nd2 Qb4 13. Nb3 e6 14. Qd2 Rd8 15. 0-0-0 Be7 16. Qe2 Nd5 17. Nxd5 exd5 18. Nc5 0-0 19. a3 Qb6 20. h4 h6 21. h5 Bh7 22. Qd2 Bf6 23. f4 Rfe8 24. g5 Be7 25. g6 fxg6 26. hxg6 Bxg6 27. Rdg1 Na5 28. Bf1 Nc4 29. Bxc4 dxc4 30. f5 Bxf5 31. Rxh6 Rd6 32. Rxd6 Qxd6 33. Bf4 Qd5 34. Be5 Bxc5 35. Rxg7+ Kf8 36. Qh6 Be6 37. Rf7+ 1-0

[Event "World ol U16 06th"]
[Site "Singapore"]
[Date "2007.08.06"]
[Round "3"]
[White "Kinder, Jessica"]
[Black "Aplin, Christer"]
[Result "0-1"]
[WhiteElo "1725"]
[BlackElo "2042"]
[PlyCount "40"]
[EventDate "2007.08.05"]
[EventType "team-swiss"]
[EventRounds "10"]
[EventCountry "SIN"]
[SourceTitle "EXT 2008"]
[Source "ChessBase"]
[SourceDate "2007.11.25"]
[SourceVersion "1"]
[SourceVersionDate "2007.11.25"]
[SourceQuality "1"]

1. e4 d5 2. exd5 Qxd5 3. d4 Nc6 4. Nf3 Bg4 5. Be2 0-0-0 6. Be3 e5 7. c3 f5 8. dxe5 Qxd1+ 9. Bxd1 Nxe5 10. 0-0 Bxf3 11. gxf3 Nf6 12. Nd2 c5 13. h3 Nd3 14. Rb1 f4 15. Nb3 fxe3 16. fxe3 Nd5 17. e4 Ne3 18. Be2 Nxf1 19. Bxf1 c4 20. Nd4 Bc5 0-1

[Event "World ol U16 06th"]
[Site "Singapore"]
[Date "2007.08.06"]
[Round "2"]
[White "Prohaszka, Peter"]
[Black "Aplin, Christer"]
[Result "1-0"]
[WhiteElo "2486"]
[BlackElo "2042"]
[PlyCount "63"]
[EventDate "2007.08.05"]
[EventType "team-swiss"]
[EventRounds "10"]
[EventCountry "SIN"]
[SourceTitle "EXT 2008"]
[Source "ChessBase"]
[SourceDate "2007.11.25"]
[SourceVersion "1"]
[SourceVersionDate "2007.11.25"]
[SourceQuality "1"]

1. d4 Nf6 2. c4 g6 3. Nc3 d5 4. Bg5 Ne4 5. Bh4 Nxc3 6. bxc3 Bg7 7. e3 c5 8. cxd5 Qxd5 9. Qf3 Qxf3 10. Nxf3 Nc6 11. Rb1 b6 12. Bb5 Bd7 13. Ke2 e5 14. dxc5 bxc5 15. Rhd1 a6 16. Bc4 Ra7 17. Rb6 0-0 18. Rxd7 Rxd7 19. Rxc6 Rb8 20. Ng5 Rb2+ 21. Kf3 Bf8 22. Ne4 Kg7 23. Bf6+ Kh6 24. g4 Be7 25. h4 Bxf6 26. Nxf6 Rdb7 27. Ne8 Rb8 28. Bxf7 R2b7 29. Rf6 Rb6 30. g5+ Kh5 31. Rxb6 Rxb6 32. Kg3 1-0

[Event "Singapore Masters 3rd"]
[Site "Singapore"]
[Date "2006.12.29"]
[Round "8"]
[White "Aplin, Christer"]
[Black "Siregar, Novian"]
[Result "1/2-1/2"]
[WhiteElo "2044"]
[BlackElo "2281"]
[PlyCount "127"]
[EventDate "2006.12.26"]
[EventType "swiss"]
[EventRounds "9"]
[EventCountry "SIN"]
[SourceTitle "CBM 116 Extra"]
[Source "ChessBase"]
[SourceDate "2007.03.07"]
[SourceVersion "1"]
[SourceVersionDate "2007.03.07"]
[SourceQuality "1"]

1. e4 c5 2. Nf3 Nc6 3. d4 cxd4 4. Nxd4 g6 5. c4 Nf6 6. Nc3 Nxd4 7. Qxd4 d6 8. Bg5 Bg7 9. Nd5 0-0 10. Bxf6 exf6 11. Qd2 Re8 12. Be2 Rxe4 13. 0-0 f5 14. Rfd1 Be6 15. Ne3 Qb6 16. Qxd6 Qxb2 17. Bf3 Rd4 18. Bd5 Bf8 19. Qc7 Rc8 20. Qxb7 Qxb7 21. Bxb7 Rxd1+ 22. Rxd1 Rb8 23. Bd5 Rb2 24. a4 f4 25. Nf1 Ra2 26. Rd4 g5 27. Bc6 Bc5 28. Rd2 Ra1 29. Bb5 Kg7 30. Rd3 Rc1 31. h3 h6 32. g4 fxg3 33. Rxg3 Bxc4 34. Bxc4 Rxc4 35. Rg4 Rc2 36. Ne3 Bxe3 37. fxe3 Ra2 38. Rc4 a5 39. h4 Kg6 40. hxg5 hxg5 41. Kf1 f6 42. Rd4 Kf7 43. Rc4 Ke7 44. Rd4 Ke6 45. Re4+ Kd5 46. Rd4+ Ke6 47. Re4+ Kf5 48. Rc4 Kg6 49. Rd4 Kh5 50. Rc4 f5 51. Rc5 Rxa4 52. Rxf5 Ra2 53. e4 a4 54. e5 Rb2 55. e6 Rb6 56. Ra5 Rxe6 57. Rxa4 Re3 58. Kf2 Rb3 59. Kg2 Rd3 60. Rb4 Kg6 61. Rb6+ Kf5 62. Rb5+ Kg4 63. Rb4+ Kh5 64. Ra4 1/2-1/2

[Event "Kuala Lumpur op 3rd"]
[Site "Kuala Lumpur"]
[Date "2006.08.27"]
[Round "11"]
[White "Aplin, Christer"]
[Black "Baba, Masahiro"]
[Result "0-1"]
[WhiteElo "2020"]
[BlackElo "2189"]
[PlyCount "60"]
[EventDate "2006.08.21"]
[EventType "swiss"]
[EventRounds "11"]
[EventCountry "MAS"]
[SourceTitle "CBM 114 Extra"]
[Source "ChessBase"]
[SourceDate "2006.11.03"]
[SourceVersion "1"]
[SourceVersionDate "2006.11.03"]
[SourceQuality "1"]

1. e4 c5 2. Nf3 d6 3. d4 cxd4 4. Nxd4 Nf6 5. Nc3 a6 6. Be3 e5 7. Nb3 Be6 8. Qd2 Nbd7 9. f3 Be7 10. 0-0-0 0-0 11. g4 Qc7 12. h4 b5 13. Qf2 b4 14. Nd5 Bxd5 15. exd5 a5 16. g5 Nh5 17. Kb1 Rfb8 18. Be2 a4 19. Nd2 Nb6 20. Ne4 Nc4 21. Bxc4 Qxc4 22. b3 Qc7 23. f4 Nxf4 24. Bxf4 exf4 25. Qxf4 axb3 26. axb3 Ra2 27. Qf2 Rba8 28. Kc1 Qc3 29. Nxc3 bxc3 30. Qxf7+ Kh8 0-1

[Event "Kuala Lumpur op 3rd"]
[Site "Kuala Lumpur"]
[Date "2006.08.25"]
[Round "8"]
[White "Humphrey, Jonathan"]
[Black "Aplin, Christer"]
[Result "1-0"]
[WhiteElo "2246"]
[BlackElo "2020"]
[PlyCount "47"]
[EventDate "2006.08.21"]
[EventType "swiss"]
[EventRounds "11"]
[EventCountry "MAS"]
[SourceTitle "CBM 114 Extra"]
[Source "ChessBase"]
[SourceDate "2006.11.03"]
[SourceVersion "1"]
[SourceVersionDate "2006.11.03"]
[SourceQuality "1"]

1. e4 d5 2. exd5 Qxd5 3. Nc3 Qd6 4. d4 Nf6 5. Nf3 a6 6. g3 Bg4 7. Bg2 Nc6 8. 0-0 0-0-0 9. d5 Nb4 10. h3 Bh5 11. Bf4 Qc5 12. Be3 Qd6 13. Qe2 Nbxd5 14. Nxd5 Nxd5 15. Rad1 Qf6 16. c4 Nb4 17. Rxd8+ Kxd8 18. Rd1+ Kc8 19. Qd2 Qd6 20. Qe1 Qf6 21. g4 Qxb2 22. Rb1 Nd3 23. Rxb2 Nxe1 24. Nxe1 1-0

[Event "Kuala Lumpur op 3rd"]
[Site "Kuala Lumpur"]
[Date "2006.08.23"]
[Round "5"]
[White "Aplin, Christer"]
[Black "Amrutha, Mokal"]
[Result "1/2-1/2"]
[WhiteElo "2020"]
[BlackElo "2146"]
[PlyCount "97"]
[EventDate "2006.08.21"]
[EventType "swiss"]
[EventRounds "11"]
[EventCountry "MAS"]
[SourceTitle "CBM 114 Extra"]
[Source "ChessBase"]
[SourceDate "2006.11.03"]
[SourceVersion "1"]
[SourceVersionDate "2006.11.03"]
[SourceQuality "1"]

1. e4 c5 2. Nf3 e6 3. d4 cxd4 4. Nxd4 a6 5. c4 Nf6 6. Nc3 Qc7 7. Be3 d6 8. Be2 b6 9. 0-0 Bb7 10. f3 Nbd7 11. Rc1 Be7 12. Qd2 Rc8 13. Rfd1 h5 14. b4 Qb8 15. Nb3 h4 16. Bf4 Ne5 17. Na4 Bc6 18. b5 Ba8 19. bxa6 h3 20. g3 0-0 21. Qb4 Nfd7 22. Bxe5 Nxe5 23. Qxb6 Bc6 24. Qxb8 Rxb8 25. Nc3 Rb6 26. f4 Nd7 27. Nd4 Ba8 28. Bg4 Nc5 29. Bxh3 Nxe4 30. a7 Ra6 31. Ndb5 Nxc3 32. Rxc3 Rxa2 33. Rcd3 d5 34. R3d2 Bc5+ 35. Kf1 Rxd2 36. Rxd2 dxc4 37. Ra2 Bc6 38. Nc7 c3 39. Ke2 Bxa7 40. Rxa7 Rd8 41. Ra2 Rc8 42. Na6 Bd5 43. Ra1 Bc4+ 44. Kd1 Ra8 45. Kc2 Bxa6 46. Kxc3 Rc8+ 47. Kd4 Bb7 48. Ra7 Bf3 49. Kd3 1/2-1/2

[Event "Kuala Lumpur op 3rd"]
[Site "Kuala Lumpur"]
[Date "2006.08.23"]
[Round "6"]
[White "Aplin, Christer"]
[Black "Narayanan, Srinath"]
[Result "1/2-1/2"]
[WhiteElo "2020"]
[BlackElo "2166"]
[PlyCount "53"]
[EventDate "2006.08.21"]
[EventType "swiss"]
[EventRounds "11"]
[EventCountry "MAS"]
[SourceTitle "CBM 114 Extra"]
[Source "ChessBase"]
[SourceDate "2006.11.03"]
[SourceVersion "1"]
[SourceVersionDate "2006.11.03"]
[SourceQuality "1"]

1. e4 c5 2. Nf3 d6 3. d4 cxd4 4. Nxd4 Nf6 5. Nc3 a6 6. Be3 e6 7. f3 b5 8. g4 Bb7 9. Qd2 Nfd7 10. 0-0-0 Nb6 11. h4 N8d7 12. Qf2 Rc8 13. g5 Rxc3 14. bxc3 Na4 15. Bd2 d5 16. Nb3 Qe7 17. Re1 Qa3+ 18. Kd1 Ndc5 19. Qg3 Qxa2 20. Nxc5 Nxc5 21. Qb8+ Kd7 22. Bf4 dxe4 23. Rxe4 Qb1+ 24. Kd2 Nb3+ 25. cxb3 Qb2+ 26. Kd1 Qxb3+ 27. Kd2 1/2-1/2

[Event "Kuala Lumpur op 2nd"]
[Site "Kuala Lumpur"]
[Date "2005.08.25"]
[Round "10"]
[White "Aplin, Christer"]
[Black "Srivachirawat, Kannapon"]
[Result "1/2-1/2"]
[WhiteElo "1947"]
[BlackElo "2186"]
[PlyCount "102"]
[EventDate "2005.08.20"]
[EventType "swiss"]
[EventRounds "11"]
[EventCountry "MAS"]
[SourceTitle "CBM 108 Extra"]
[Source "ChessBase"]
[SourceDate "2005.11.04"]
[SourceVersion "1"]
[SourceVersionDate "2005.11.04"]
[SourceQuality "1"]

1. e4 Nf6 2. e5 Nd5 3. d4 d6 4. c4 Nb6 5. exd6 exd6 6. Nc3 Be7 7. Qf3 0-0 8. Be3 Nc6 9. 0-0-0 Bg5 10. Bd3 g6 11. Nge2 Nb4 12. b3 Nxd3+ 13. Rxd3 Qf6 14. Qxf6 Bxf6 15. Ng3 c6 16. Re1 d5 17. c5 Nd7 18. Bf4 Kh8 19. Bd6 Rg8 20. Be7 Bg7 21. Bd6 b6 22. Re7 bxc5 23. dxc5 f6 24. Rd1 Ne5 25. f4 Bh6 26. Nce2 Ba6 27. Kc2 Ng4 28. h3 Nf2 29. Rd2 Rge8 30. Nd4 Rxe7 31. Bxe7 Bxf4 32. Rxf2 Bxg3 33. Bxf6+ Kg8 34. Rf3 Bh2 35. Nxc6 Bb7 36. Ne7+ Kf7 37. Be5+ Kxe7 38. Bxh2 d4 39. Bd6+ Ke6 40. Rf2 Be4+ 41. Kd2 a6 42. g3 Ra7 43. Rf8 Bb1 44. a3 Kd5 45. Rf4 g5 46. Rf1 Bg6 47. b4 Rf7 48. Be7 g4 49. hxg4 Rf8 50. g5 Kc4 51. Rf6 Kd5 1/2-1/2

[Event "ASEAN-ch6 U16"]
[Site "Thailand"]
[Date "2005.??.??"]
[Round "7"]
[White "Aplin, Christer"]
[Black "Le, Quang Long"]
[Result "0-1"]
[WhiteElo "1909"]
[BlackElo "2161"]
[PlyCount "62"]
[EventDate "2005.06.??"]
[EventType "swiss"]
[EventRounds "9"]
[EventCountry "THA"]
[SourceTitle "CBM 106 Extra"]
[Source "ChessBase"]
[SourceDate "2005.07.01"]
[SourceVersion "1"]
[SourceVersionDate "2005.07.01"]
[SourceQuality "1"]

1. e4 c5 2. Nf3 d6 3. d4 cxd4 4. Nxd4 Nf6 5. Nc3 a6 6. Be3 e5 7. Nb3 Be7 8. Qd2 Be6 9. 0-0-0 Nbd7 10. f3 0-0 11. g4 Rc8 12. h4 b5 13. h5 Nb6 14. g5 Nfd7 15. Qg2 b4 16. Nd5 Nxd5 17. exd5 Bf5 18. Bd3 Bxd3 19. Rxd3 Qc7 20. g6 h6 21. gxf7+ Kh8 22. Rd2 Rxf7 23. Rg1 Bf6 24. Qg6 Nf8 25. Qe4 a5 26. Rdg2 Nh7 27. Qg6 Bg5 28. Bxg5 Nxg5 29. Nd2 Nh3 30. Ne4 Nxg1 31. Nxd6 Rf6 0-1